Minden jó lesz [novella] /

Elmentve itt :
Bibliográfiai részletek
Szerző: Bartók Miklós
Dokumentumtípus: Cikk
Megjelent: 1927
Sorozat:Botond : szépirodalmi és tudományos folyóirat 3 No. 5-6
Kulcsszavak:Magyar irodalom novella
Online Access:http://misc.bibl.u-szeged.hu/3270
LEADER 00593nab a2200169 i 4500
001 misc3270
005 20191106142936.0
008 170607s1927 hu o 0|| hun d
040 |a SZTE Miscellanea Repozitórium  |b hun 
041 |a hun 
100 1 |a Bartók Miklós 
245 1 0 |a Minden jó lesz   |h [elektronikus dokumentum] :  |b [novella] /  |c  Bartók Miklós 
260 |c 1927 
300 |a 255-259 
490 0 |a Botond : szépirodalmi és tudományos folyóirat  |v 3 No. 5-6 
695 |a Magyar irodalom novella 
856 4 0 |u http://misc.bibl.u-szeged.hu/3270/1/botond_003_005_006_255-259.pdf  |z Dokumentum-elérés